[Event "chelle"]
[Site "http://www.queenalice.com/game.php?id=630045"]
[Date "2009.8.3"]
[Round "-"]
[White "cyrillt"]
[Black "adevair"]
[Result "0-1"]
[WhiteElo "1732"]
[BlackElo "1839"]

1. e4 c5 2. Nf3 d6 3. Bc4 Nf6 4. Nc3 g6 5. Ng5 e6 6. d4 cxd4 7. Qxd4 Bg7 8. O-O
Nc6 9. Qe3 O-O 10. Bd2 Re8 11. Rad1 d5 12. Bd3 d4 13. Qf3 dxc3 14. Bxc3 Qe7 15.
e5 Nd5 16. Qg3 Nxc3 17. bxc3 Nxe5 18. Rde1 Nxd3 19. Qxd3 Qxg5 20. f4 Qc5+ 21.
Kh1 Qxc3 22. Qd1 b6 0-1

[Event "AUTO-OPEN-1645"]
[Site "http://www.queenalice.com/game.php?id=630264"]
[Date "2009.8.4"]
[Round "1"]
[White "boydelta"]
[Black "adevair"]
[Result "0-1"]
[WhiteElo "2150"]
[BlackElo "1927"]

1. d4 Nf6 2. c4 e6 3. Nc3 Bb4 4. Bd2 O-O 5. g3 c5 6. dxc5 Bxc5 7. e3 Nc6 8. Bg2
d5 9. cxd5 Nxd5 10. Ne4 Be7 11. a3 Bd7 12. Ne2 Qb6 13. Rb1 Ne5 14. O-O Bb5 15.
N4c3 Nxc3 16. bxc3 Qa6 17. Nd4 Bxf1 18. Qxf1 Qxf1+ 19. Kxf1 Rab8 20. a4 Nc4 21.
Be1 e5 22. Nc2 b6 23. Bd5 Rbc8 24. Ke2 Rfd8 25. e4 Kf8 26. h4 h6 27. Kd3 Na3 28.
Nxa3 Bxa3 29. c4 Bc5 30. f3 g6 31. g4 Kg7 32. Bg3 f6 33. a5 Rb8 34. a6 Bd4 35.
Be1 Rbc8 36. f4 Rc7 37. f5 g5 38. Bg3 Rc5 39. Be1 gxh4 40. Ke2 h3 41. Kf3 h2 42.
Kg2 Bg1 43. Bb4 Rc7 44. Kh1 Kh7 45. Rb2 Rg7 46. Ba3 Rdd7 47. c5 bxc5 48. Rb7 Rd6
49. Bf7 Rxa6 50. Bg6+ Kh8 51. Rb3 Rb6 52. Rh3 Rxg6 53. fxg6 Kg7 54. Bc1 Rb1 55.
Bxh6+ Kxg6 56. Kg2 c4 57. g5 fxg5 58. Bf8 c3 0-1

[Event "AUTO-OPEN-1645"]
[Site "http://www.queenalice.com/game.php?id=630265"]
[Date "2009.8.4"]
[Round "1"]
[White "adevair"]
[Black "boydelta"]
[Result "1-0"]
[WhiteElo "2028"]
[BlackElo "2245"]

1. d4 f5 2. c4 Nf6 3. Nf3 e6 4. Bg5 d6 5. e3 Be7 6. Be2 O-O 7. O-O Ne4 8. Bxe7
Qxe7 9. Nc3 Nxc3 10. bxc3 Nd7 11. Rb1 b6 12. Qc2 e5 13. d5 Nc5 14. Rfe1 g5 15.
g3 Bd7 16. h4 g4 17. Nd2 Qg7 18. Bd3 Rae8 19. Bf1 Ba4 20. Nb3 Rf6 21. Bg2 a5 22.
Qd2 Nd7 23. Nc1 e4 24. Ne2 Ne5 25. Nf4 Rh6 26. Qd4 Bc2 27. Rb2 Nd3 28. Nxd3 Bxd3
29. Bf1 Bxf1 30. Kxf1 Qe5 31. a4 Kf7 32. Qd2 Qf6 33. Rb5 Rg6 34. Qd4 Re5 35. Re2
Rg8 36. Ke1 Rge8 37. Reb2 Kg6 38. Re2 Kh5 39. Kf1 Qf7 40. Kg2 R5e7 41. Rbb2 Qg7
42. Re1 Qe5 43. Rbe2 Qh8 44. Kg1 Qf8 45. Rb1 Re5 46. Rbe1 R8e7 47. Rb1 Qe8 48.
Rb5 Rf7 49. Qd1 Ree7 50. Kg2 h6 51. Kg1 Qh8 52. Qd4 Re5 53. Kg2 Rf6 54. Qd2 Qe8
55. Qd1 Rf7 56. Qd4 Ree7 57. Qd1 Re5 58. Qd4 Qd8 59. Kg1 Rfe7 60. Rbb2 Kg6 61.
Kg2 h5 62. Kf1 Rf7 63. Kg2 Rf6 64. Kf1 Qd7 65. Rb5 Re8 66. Qd1 Qe7 67. Qd4 Qd7
68. Qd1 Rb8 69. Reb2 Qe8 70. Kg2 Rf7 71. Kf1 Kh6 72. Kg2 Qe7 73. Kf1 Qe5 74. Qd4
Re7 75. c5 dxc5 76. Qxe5 Rxe5 77. Rxc5 bxc5 78. Rxb8 Rxd5 79. Rb5 Kg6 80. Rxa5
Kf6 81. Ra6+ Ke7 82. Rh6 Rd3 83. Rxh5 Ke6 84. Rh7 Kd6 85. h5 Rxc3 86. h6 Rc1+
87. Kg2 Rb1 88. Rh8 1-0

[Event "AUTO-OPEN-1645"]
[Site "http://www.queenalice.com/game.php?id=630292"]
[Date "2009.8.4"]
[Round "1"]
[White "ivantratz"]
[Black "adevair"]
[Result "0-1"]
[WhiteElo "1894"]
[BlackElo "1881"]

1. e4 c5 2. Bc4 d6 3. d3 Nf6 4. Bg5 e6 5. Nf3 Be7 6. Nc3 O-O 7. O-O Nc6 8. a3
Qb6 9. Rb1 e5 10. Bxf6 Bxf6 11. Nd5 Qd8 12. Nxf6+ Qxf6 13. h3 Qg6 14. g4 h5 15.
Nh2 Kh8 16. f3 f5 17. exf5 Bxf5 18. Kh1 hxg4 19. fxg4 Be6 20. Bxe6 Qxe6 21. Nf3
Qh6 22. Kg2 Rf7 23. h4 Qe6 24. Ng5 Qd5+ 25. Kg3 Rxf1 26. Qxf1 Kg8 27. Qf5 Ne7
28. Qh7+ Kf8 29. Rf1+ Ke8 30. Nf7 Kd7 31. Qxg7 c4 32. Rf3 Qd4 33. h5 Qg1+ 34.
Kh3 Qh1+ 35. Kg3 Rg8 36. Qxg8 Nxg8 37. dxc4 Ke7 38. Ng5 Nf6 0-1

[Event "AUTO-OPEN-1645"]
[Site "http://www.queenalice.com/game.php?id=630293"]
[Date "2009.8.4"]
[Round "1"]
[White "adevair"]
[Black "ivantratz"]
[Result "1-0"]
[WhiteElo "1744"]
[BlackElo "1914"]

1. d4 d5 2. Nf3 h6 3. e3 Bg4 4. Be2 e6 5. O-O Nf6 6. Nbd2 a6 7. b3 Bb4 8. a3 Bc3
9. Rb1 Qd6 10. h3 Bh5 11. a4 Nc6 12. Bb2 Qb4 13. Bxc3 Qxc3 14. Ne1 Bxe2 15. Qxe2
Nb4 16. Qd1 O-O 17. Qe2 Nxc2 18. Nxc2 Qxc2 19. Rfc1 Qa2 20. Rxc7 Ne4 21. Rd1
Nxd2 22. Rxd2 Qxb3 23. Rb2 Qxa4 24. Rbxb7 a5 25. Qh5 Qe8 26. Re7 Qc8 27. Rxf7
1-0

[Event "AUTO-OPEN-1645"]
[Site "http://www.queenalice.com/game.php?id=630310"]
[Date "2009.8.4"]
[Round "1"]
[White "hulge"]
[Black "adevair"]
[Result "0-1"]
[WhiteElo "1112"]
[BlackElo "1500"]

1. f4 d6 2. Nf3 Nf6 3. e3 g6 4. Bc4 Bg7 5. O-O O-O 6. Nc3 b6 7. Bd5 c6 8. Bb3
Bb7 9. d4 d5 10. a4 Nbd7 11. Ne5 Rc8 12. Nxd7 Qxd7 13. Bd2 c5 14. Qf3 cxd4 15.
exd4 Ne4 16. Nxe4 dxe4 17. Qh3 Bxd4+ 18. Kh1 Qxh3 19. gxh3 e3+ 20. Kg1 exd2+ 0-1

[Event "AUTO-OPEN-1645"]
[Site "http://www.queenalice.com/game.php?id=630311"]
[Date "2009.8.4"]
[Round "1"]
[White "adevair"]
[Black "hulge"]
[Result "1-0"]
[WhiteElo "1881"]
[BlackElo "1286"]

1. d4 g6 2. c4 Bg7 3. Nf3 d6 4. e3 Bg4 5. Be2 Nc6 6. O-O Nf6 7. Qa4 O-O 8. Nbd2
e5 9. d5 Ne7 10. Qc2 c6 11. e4 cxd5 12. exd5 Qb6 13. Ne4 Nxe4 14. Qxe4 Bxf3 15.
Qxf3 f5 16. Qb3 Qxb3 17. axb3 f4 18. Bf3 Nf5 19. g3 Nd4 20. Bd1 fxg3 21. fxg3
Rxf1+ 22. Kxf1 Rf8+ 23. Kg2 a6 24. Bg5 Rf5 25. Be7 Bf8 26. Bxf8 Rxf8 27. b4 Rc8
28. Rc1 b5 29. c5 dxc5 30. bxc5 e4 31. d6 e3 32. d7 Rd8 33. c6 Nxc6 34. Rxc6
Rxd7 35. Bb3+ Kg7 36. Kf3 1-0

[Event "Challenge"]
[Site "http://www.queenalice.com/game.php?id=630802"]
[Date "2009.8.4"]
[Round "-"]
[White "adevair"]
[Black "felipebd21"]
[Result "1-0"]
[WhiteElo "1634"]
[BlackElo "1342"]

1. d4 d5 2. Nf3 Nf6 3. e3 Nc6 4. Be2 Qd6 5. c4 e6 6. Nc3 dxc4 7. Bxc4 a6 8. O-O
b5 9. Bd3 e5 10. dxe5 Nxe5 11. Nxe5 Qxe5 12. Qf3 Rb8 13. Re1 Bg4 14. Qc6+ Bd7
15. Qxa6 Bc5 16. Bxb5 c6 17. Bxc6 Rb6 18. Bxd7+ Nxd7 19. Qc8+ Ke7 20. Qxh8 Rh6
21. f4 Qf6 22. Nd5+ Ke6 23. Nxf6 Nxf6 24. Qc8+ Nd7 25. f5+ Kxf5 26. Qxd7+ Kg5
27. Qd5+ 1-0

[Event "Challenge"]
[Site "http://www.queenalice.com/game.php?id=640013"]
[Date "2009.8.21"]
[Round "-"]
[White "adevair"]
[Black "DanizinhaBH"]
[Result "1-0"]
[WhiteElo "1661"]
[BlackElo "1675"]

1. d4 d5 2. Nf3 Nc6 3. e3 Bg4 4. Be2 Bxf3 5. Bxf3 e6 6. O-O Bd6 7. Nd2 Qe7 8. b3
Nf6 9. c4 O-O 10. c5 Bxh2+ 11. Kxh2 e5 12. Bb2 e4 13. Be2 Nb4 14. a3 Nd3 15.
Bxd3 exd3 16. Nf3 Qe4 17. Rh1 Ng4+ 18. Kg1 f5 19. Ng5 Qe7 20. Nxh7 Rf7 21. Qf3
c6 22. Qf4 Nf6 23. Qh4 g6 24. Ng5 Rg7 25. Qh8# 1-0

[Event "Challenge"]
[Site "http://www.queenalice.com/game.php?id=656535"]
[Date "2009.9.22"]
[Round "-"]
[White "montelo"]
[Black "adevair"]
[Result "0-1"]
[WhiteElo "2019"]
[BlackElo "1989"]

1. e4 c5 2. Bc4 d6 3. Qf3 Nf6 4. h3 g6 5. Nc3 Bg7 6. Nd5 O-O 7. d3 Nc6 8. Bg5
Ne5 9. Qe3 Nxc4 10. dxc4 Nxd5 11. cxd5 Bxb2 12. Rb1 Qa5+ 13. Kd1 Bd4 14. Qg3
Qxa2 15. Rc1 Bb2 16. Bxe7 Re8 17. Qxd6 Bxc1 18. Kxc1 Qa1+ 19. Kd2 Qd4+ 20. Ke1
Qxe4+ 21. Ne2 Qxe7 22. Qxe7 Rxe7 23. f3 Bf5 24. c4 Rae8 25. Kf2 Rxe2+ 26. Kg3
Rc2 27. h4 Ree2 28. Rg1 Rxc4 29. d6 Rd4 0-1

[Event "Challenge"]
[Site "http://www.queenalice.com/game.php?id=710877"]
[Date "2010.1.9"]
[Round "-"]
[White "Henderb"]
[Black "adevair"]
[Result "0-1"]
[WhiteElo "2094"]
[BlackElo "2095"]

1. d4 Nf6 2. c4 e6 3. Nf3 Be7 4. Nc3 d5 5. Bf4 O-O 6. e3 Nbd7 7. cxd5 Nxd5 8.
Nxd5 exd5 9. Bd3 Nf6 10. Qc2 c6 11. O-O h6 12. h3 Re8 13. Bf5 Bxf5 14. Qxf5 Nd7
15. Ne5 Nxe5 16. Bxe5 Bd6 17. Bxd6 Qxd6 18. Rac1 Re6 19. Rc3 Rae8 20. Rfc1 Rf6
21. Qc2 Rg6 22. Qb3 Qd7 23. Qa4 Qxh3 24. g3 h5 25. Qd1 h4 26. Qf1 Qg4 27. Qg2
hxg3 28. fxg3 Qxg3 29. Qxg3 Rxg3+ 30. Kf2 Rh3 31. Rg1 Rh2+ 32. Rg2 Rxg2+ 33.
Kxg2 g5 34. Kf3 f5 35. b4 Re6 36. Rc5 Kf7 37. b5 b6 38. Rxc6 Rxc6 39. bxc6 Ke7
40. e4 fxe4+ 41. Kg4 Kd6 0-1

[Event "AUTO-OPEN-1645"]
[Site "http://www.queenalice.com/game.php?id=727370"]
[Date "2010.2.6"]
[Round "2"]
[White "adevair"]
[Black "biano"]
[Result "1-0"]
[WhiteElo "2080"]
[BlackElo "1631"]

1. d4 d5 2. c4 c6 3. Nc3 Nf6 4. Bg5 e6 5. e3 Be7 6. Nf3 O-O 7. a3 Nbd7 8. Bd3
Qc7 9. O-O h6 10. Bxf6 Nxf6 11. Rc1 Bd6 12. cxd5 exd5 13. Qb3 a6 14. h3 Be6 15.
Na4 Nd7 16. Qc2 Nf6 17. b4 Rac8 18. Nc5 1-0

[Event "AUTO-OPEN-1645"]
[Site "http://www.queenalice.com/game.php?id=727371"]
[Date "2010.2.6"]
[Round "2"]
[White "biano"]
[Black "adevair"]
[Result "0-1"]
[WhiteElo "1677"]
[BlackElo "2080"]

1. e4 c5 2. d4 cxd4 3. c3 e5 4. Nf3 Nc6 5. cxd4 Bb4+ 6. Nc3 exd4 7. Nxd4 Nf6 8.
f3 O-O 9. Bc4 d5 10. Bb5 Nxd4 11. Qxd4 Bxc3+ 12. Qxc3 dxe4 13. O-O Qb6+ 0-1

[Event "AUTO-OPEN-1645"]
[Site "http://www.queenalice.com/game.php?id=727372"]
[Date "2010.2.6"]
[Round "2"]
[White "adevair"]
[Black "reghini"]
[Result "1-0"]
[WhiteElo "2088"]
[BlackElo "1801"]

1. d4 d5 2. c4 dxc4 3. Nc3 e6 4. Nf3 Bd6 5. e4 Nc6 6. Bxc4 Nge7 7. O-O O-O 8. a3
a6 9. e5 b5 10. Bd3 Bxe5 11. dxe5 Bb7 12. Qc2 Nd4 13. Nxd4 Qxd4 14. Re1 Qg4 15.
Be4 Bxe4 16. Qxe4 Qxe4 17. Nxe4 f5 18. exf6 gxf6 19. Bd2 a5 20. Rac1 c6 21. Bh6
Rfd8 22. Nxf6+ Kf7 23. Ne4 Nf5 24. Bg5 Rd7 25. Rxc6 h6 26. Be3 Rad8 27. Nc5 Rd1
28. Kf1 Nxe3+ 29. fxe3 Rxe1+ 30. Kxe1 1-0

[Event "AUTO-OPEN-1645"]
[Site "http://www.queenalice.com/game.php?id=727373"]
[Date "2010.2.6"]
[Round "2"]
[White "reghini"]
[Black "adevair"]
[Result "0-1"]
[WhiteElo "1801"]
[BlackElo "2080"]

1. e4 c5 2. Nf3 d6 3. Bc4 Nf6 4. Nc3 g6 5. O-O Bg7 6. Ne1 O-O 7. f4 Nc6 8. a3 a6
9. d3 Nd4 10. Be3 b5 11. Ba2 Bg4 12. Qd2 e5 13. fxe5 dxe5 14. Bg5 Qd6 15. Bxf6
Bxf6 16. Qf2 Bg7 17. Bxf7+ Kh8 18. Qg3 Be6 19. Bxe6 b4 20. axb4 cxb4 21. Rxf8+
Rxf8 22. Qg4 bxc3 23. bxc3 Nxe6 24. Nf3 Nf4 25. Ng5 Qf6 26. Rf1 Nh3+ 0-1

[Event "AUTO-MASTER-1101"]
[Site "http://www.queenalice.com/game.php?id=765864"]
[Date "2010.4.25"]
[Round "1"]
[White "capaputi"]
[Black "adevair"]
[Result "1-0"]
[WhiteElo "2221"]
[BlackElo "2062"]

1. e4 c5 2. Nf3 d6 3. Nc3 Nf6 4. d4 cxd4 5. Nxd4 e5 6. Bb5+ Bd7 7. Bxd7+ Nbxd7
8. Nf5 Nc5 9. Bg5 g6 10. Ne3 Be7 11. Bxf6 Bxf6 12. O-O O-O 13. Nc4 Be7 14. f3 a6
15. Nd5 b5 16. Nxe7+ Qxe7 17. Nb6 Rab8 18. Nd5 Qe6 19. b3 f5 20. Qe2 Rb7 21.
Rad1 Rbf7 22. b4 Nd7 23. Rd3 fxe4 24. Qxe4 Nf6 25. Nxf6+ Rxf6 26. a3 g5 27. Rfd1
Rd8 28. Qc6 g4 29. fxg4 e4 30. Re3 d5 31. Qxe6+ Rxe6 32. c3 Kf7 33. Kf2 Kf6 34.
Rh3 Kg6 35. Rh5 Rc8 36. Rh3 e3+ 37. Rxe3 Rxe3 38. Kxe3 Rxc3+ 39. Rd3 d4+ 40.
Kxd4 Rc2 41. h3 Rxg2 42. Kc5 Rf2 43. Rd6+ Kg5 44. Rxa6 Rf3 45. Kxb5 Rxh3 46. a4
Kxg4 47. a5 1-0

[Event "AUTO-MASTER-1101"]
[Site "http://www.queenalice.com/game.php?id=765865"]
[Date "2010.4.25"]
[Round "1"]
[White "adevair"]
[Black "capaputi"]
[Result "1-0"]
[WhiteElo "2118"]
[BlackElo "2191"]

1. d4 Nf6 2. c4 g6 3. Nc3 Bg7 4. Nf3 O-O 5. Bg5 d6 6. e3 c5 7. Be2 cxd4 8. exd4
Nc6 9. O-O Bd7 10. Rc1 Rc8 11. h3 Re8 12. Qd2 a6 13. d5 Na5 14. Bxf6 Bxf6 15.
Ne4 b5 16. Nxf6+ exf6 17. cxb5 Bxb5 18. Rxc8 1-0

[Event "AUTO-MASTER-1101"]
[Site "http://www.queenalice.com/game.php?id=765876"]
[Date "2010.4.25"]
[Round "1"]
[White "allazzarini"]
[Black "adevair"]
[Result "1-0"]
[WhiteElo "2111"]
[BlackElo "2094"]

1. e4 c5 2. Nf3 d6 3. d4 cxd4 4. Nxd4 Nf6 5. Nc3 e5 6. Nb3 a6 7. Be2 Be7 8. O-O
Nbd7 9. Kh1 O-O 10. f4 b5 11. a3 Nc5 12. Nxc5 dxc5 13. fxe5 Qxd1 14. Rxd1 Ng4
15. Bf4 Nf2+ 16. Kg1 Nxd1 17. Rxd1 Rd8 18. Nd5 Kf8 19. Rf1 Be6 20. Nxe7 Kxe7 21.
Bg5+ f6 22. exf6+ Kd7 23. fxg7 Rg8 24. Bf6 Rac8 25. Rd1+ Kc6 26. e5 Bd5 27. Bf3
1-0

[Event "AUTO-MASTER-1101"]
[Site "http://www.queenalice.com/game.php?id=765877"]
[Date "2010.4.25"]
[Round "1"]
[White "adevair"]
[Black "allazzarini"]
[Result "0-1"]
[WhiteElo "2077"]
[BlackElo "2122"]

1. d4 Nf6 2. c4 g6 3. Nc3 Bg7 4. Nf3 O-O 5. e3 d6 6. Bd3 Nbd7 7. O-O c5 8. Re1
a6 9. h3 b6 10. d5 e6 11. e4 e5 12. Bg5 Qc7 13. Qd2 Ne8 14. Bh6 f6 15. Ne2 b5
16. b3 b4 17. Bxg7 Kxg7 18. Ng3 Nb6 19. a3 a5 20. axb4 axb4 21. Rxa8 Nxa8 22.
Ra1 Nb6 23. Qa2 f5 24. exf5 gxf5 25. Be2 Nf6 26. Nh4 Kh8 27. Nhxf5 Nfxd5 0-1

[Event "AUTO-MASTER-1101"]
[Site "http://www.queenalice.com/game.php?id=765884"]
[Date "2010.4.25"]
[Round "1"]
[White "adevair"]
[Black "luciopac"]
[Result "0-1"]
[WhiteElo "2145"]
[BlackElo "2175"]

1. d4 d5 2. c4 c6 3. Nc3 Nf6 4. Nf3 dxc4 5. a4 Bf5 6. Bg5 Nd5 7. e4 Nxc3 8. bxc3
Bxe4 9. Bxc4 Qa5 10. Bd2 e6 11. O-O Bd6 12. Ng5 Bg6 13. Rb1 Bxb1 14. Qxb1 Qc7
15. g3 h6 16. Ne4 Be7 17. Bf4 Qd7 18. Nd6+ Bxd6 19. Bxd6 b5 20. Bxb8 Rxb8 21.
axb5 cxb5 22. Bd3 O-O 23. Qb2 a5 24. Rb1 b4 25. c4 a4 26. Qd2 b3 27. d5 exd5 28.
cxd5 a3 0-1

[Event "AUTO-MASTER-1101"]
[Site "http://www.queenalice.com/game.php?id=765885"]
[Date "2010.4.25"]
[Round "1"]
[White "luciopac"]
[Black "adevair"]
[Result "1-0"]
[WhiteElo "2197"]
[BlackElo "2108"]

1. e4 c5 2. Nf3 d6 3. d4 cxd4 4. Nxd4 Nf6 5. Nc3 a6 6. Be2 e5 7. Nb3 Be7 8. O-O
O-O 9. Be3 Nc6 10. f4 b5 11. a3 Be6 12. f5 Bxb3 13. cxb3 b4 14. Nd5 bxa3 15.
Nxf6+ Bxf6 16. bxa3 Qe7 17. Rc1 Rfc8 18. Bc4 Na5 19. Bd5 Rxc1 20. Qxc1 Rb8 21.
Qc3 Nb7 22. Qc6 Nc5 23. Bxc5 dxc5 24. Qxa6 Bg5 25. Qd3 Qa7 26. Qc4 Rxb3 27. Rf3
Rb1+ 28. Kf2 Qa5 29. Rc3 Qb6 30. Bxf7+ Kf8 31. Be6 Be7 32. Bg8 Qf6 33. g3 h5 34.
a4 Rb2+ 35. Kf3 g6 36. Bh7 Qg7 37. Bxg6 h4 38. Rb3 Rxb3+ 39. Qxb3 Qf6 40. a5 1-0

[Event "AUTO-OPEN-1645"]
[Site "http://www.queenalice.com/game.php?id=766880"]
[Date "2010.4.26"]
[Round "3"]
[White "adevair"]
[Black "Jerick"]
[Result "0-1"]
[WhiteElo "2116"]
[BlackElo "2347"]

1. d4 Nf6 2. c4 e6 3. Nc3 d5 4. Nf3 Be7 5. Bf4 c6 6. e3 Nbd7 7. a3 Nh5 8. Be5
O-O 9. Bd3 Nxe5 10. Nxe5 Nf6 11. c5 Qc7 12. O-O b6 13. b4 bxc5 14. bxc5 Bxc5 15.
Qa4 Bb7 16. f4 Bd6 17. Rf3 a6 18. Rh3 h6 19. Rf1 c5 20. Rff3 cxd4 0-1

[Event "AUTO-OPEN-1645"]
[Site "http://www.queenalice.com/game.php?id=766881"]
[Date "2010.4.26"]
[Round "3"]
[White "Jerick"]
[Black "adevair"]
[Result "1-0"]
[WhiteElo "2341"]
[BlackElo "2125"]

1. e4 c5 2. Nf3 d6 3. d4 cxd4 4. Nxd4 e5 5. Bb5+ Bd7 6. Bxd7+ Qxd7 7. Nf3 Nf6 8.
Nc3 Be7 9. O-O O-O 10. Bg5 Nc6 11. Bxf6 Bxf6 12. Nd5 Ne7 13. Nxf6+ gxf6 14. Qd2
Qc6 15. Rfe1 Rac8 16. Qb4 b6 17. Qa3 a5 18. b3 f5 19. Nxe5 Qxc2 20. Qxd6 1-0